Nuevas formas de gestin̤ hospitalaria y responsabilidad patrimonial de la administracin̤

Detalles Bibliográficos
Autor principal: Rodrg̕uez Lp̤ez, Pedro
Formato: eBook
Lenguaje:español
Publicado: Madrid : Dykinson, 2004
Materias:
Acceso en línea:http://www.vlex.com/source/7044

MARC

LEADER 00000nam a22000007a 4500
005 20130425184038.0
007 cr|||| ||||
008 130425e2004 sp |||||s|||| 00||0 spa d
020 |a 978-84-9031-180-6 
035 |a 7044 
040 |a vLex 
090 |c 4177  |d 4177 
100 1 0 |a Rodrg̕uez Lp̤ez, Pedro 
245 1 0 |a Nuevas formas de gestin̤ hospitalaria y responsabilidad patrimonial de la administracin̤  |c / Pedro Rodrg̕uez Lp̤ez  |h [Recurso electrn̤ico] 
256 |a Servicio en ln̕ea 
260 |a Madrid :  |b Dykinson,   |c 2004 
300 |a 1 Recurso electrn̤ico 
506 |d vLex Global  |d vLex Global (Academic Edition, excluding Law Schools)  |d vLex Global (U.S. Academic Edition, Law Schools)  |d vLex Global (U.S. Academic Edition, excluding Law Schools)  |d vLex Global (Academic Edition, Law Schools) 
650 4 |a Derecho administrativo  |z Espaą 
650 4 |a Administracin̤ (Management)  |z Espaą 
650 4 |a Sanidad  |z Espaą 
740 |a vLex Libros (Servicio en ln̕ea) 
856 |a Acceso restringido  |u http://www.vlex.com/source/7044 
942 |c BOOK 
999 0 |a Administrative law